000 00255nam a2200097Ia 4500
005 20251222114401.0
008 251222s1900||||xx |||||||||||||| ||spa||
082 _aDVD0040/A23/2008/T.2
245 0 _aLas crónicas de Narnia: el Príncipe Caspian:
942 _cDVD
999 _c1632
_d1632